000 00299nam a22001337a 4500
008 171011b xxu||||| |||| 00| 0 eng d
020 _a9780205330744
041 _aeng
080 _22ND
_a316
100 _a50
101 _aSOC
245 _aCAREERS IN SOCIAL WORK
_cGINSBERG,L.H
942 _2udc
_cBK
999 _c33010
_d33010